[Event "Asia-ch Universities"]
[Site "Chess.com INT"]
[Date "2020.12.27"]
[Round "1"]
[White "Nassar, Marc"]
[Black "Taher, Yoseph Theolifus"]
[Result "0-1"]
[WhiteElo "1889"]
[BlackElo "2455"]
[PlyCount "70"]
[EventDate "2020.12.27"]
[EventType "swiss"]
[EventRounds "9"]
[EventCountry "IRI"]
[SourceTitle "CBM 200 Extra"]
[Source "ChessBase"]
[SourceDate "2021.03.31"]
[SourceVersion "1"]
[SourceVersionDate "2021.03.31"]
[SourceQuality "1"]

1. e4 e6 2. d4 d5 3. Nc3 Nf6 4. e5 Nfd7 5. f4 c5 6. Nf3 Nc6 7. Be3 Qb6 8. Na4 Qa5+ 9. c3 cxd4 10. b4 Nxb4 11. cxb4 Bxb4+ 12. Bd2 Bxd2+ 13. Nxd2 b5 14. Nb2 Nb6 15. Kf2 Nc4 16. Ndxc4 dxc4 17. Qxd4 0-0 18. Qe3 Bb7 19. Be2 c3 20. Nd3 Rac8 21. Nc5 Bd5 22. Bf3 Bxf3 23. gxf3 Qb4 24. Ne4 Qb2+ 25. Kg3 c2 26. Rhc1 a6 27. Kh3 Rfd8 28. Qg1 Rd3 29. Qg3 Qa3 30. Kg2 h6 31. Qf2 Qb2 32. Qg3 Rd1 33. Nf6+ Kh8 34. Nh5 Rg8 35. f5 Rxc1 0-1

[Event "Beirut op 10th"]
[Site "Beirut"]
[Date "2019.04.25"]
[Round "1"]
[White "Bernadskiy, Vitaliy"]
[Black "Nassar, Marc"]
[Result "1-0"]
[WhiteElo "2587"]
[BlackElo "1909"]
[PlyCount "55"]
[EventDate "2019.04.25"]
[EventType "swiss"]
[EventRounds "9"]
[EventCountry "LBN"]
[SourceTitle "CBM 190 Extra"]
[Source "ChessBase"]
[SourceDate "2019.07.15"]
[SourceVersion "1"]
[SourceVersionDate "2019.07.15"]
[SourceQuality "1"]

1. e4 c5 2. Nf3 e6 3. d4 cxd4 4. Nxd4 Nf6 5. Nc3 Nc6 6. Be2 Bb4 7. 0-0 Bxc3 8. bxc3 Nxe4 9. Qd3 d5 10. Ba3 Qa5 11. Nb5 a6 12. Nd6+ Nxd6 13. Bxd6 Ne7 14. Bb4 Qd8 15. c4 0-0 16. cxd5 exd5 17. c4 Bf5 18. Qb3 Be6 19. Rfd1 Re8 20. Bc3 Qc7 21. Qb2 f6 22. Bh5 Rf8 23. Bb4 Bf7 24. Bxf7+ Rxf7 25. cxd5 Qd7 26. Rac1 Nxd5 27. Qb3 Rd8 28. Rxd5 1-0

[Event "Beirut Christmas op 20th"]
[Site "Beirut"]
[Date "2018.12.26"]
[Round "3"]
[White "Nassar, Marc"]
[Black "Najjar, Ahmad"]
[Result "0-1"]
[WhiteElo "1889"]
[BlackElo "2210"]
[PlyCount "92"]
[EventDate "2018.12.22"]
[EventType "swiss"]
[EventRounds "7"]
[EventCountry "LBN"]
[SourceTitle "CBM 188 Extra"]
[Source "ChessBase"]
[SourceDate "2019.02.28"]
[SourceVersion "1"]
[SourceVersionDate "2019.02.28"]
[SourceQuality "1"]

1. e4 c5 2. d4 cxd4 3. c3 g6 4. Nf3 Bg7 5. Bc4 d6 6. cxd4 Nf6 7. Bb5+ Bd7 8. Bxd7+ Nbxd7 9. Nc3 0-0 10. 0-0 Nb6 11. Qe2 Rc8 12. Rd1 h6 13. h3 Qc7 14. Bf4 Qc4 15. Rd3 Nfd7 16. Qd2 Kh7 17. Be3 f5 18. e5 f4 19. Bxf4 Rxf4 20. Qxf4 Qxd3 21. exd6 Rf8 22. dxe7 Rxf4 23. e8Q Nf6 24. Qb8 Nfd5 25. Nxd5 Nxd5 26. Qxb7 Qf5 27. Re1 Rxf3 28. gxf3 Nf4 29. Re7 Qg5+ 30. Kf1 Qg2+ 31. Ke1 Qg1+ 32. Kd2 Qxf2+ 33. Kd1 Qxd4+ 34. Ke1 Nd3+ 35. Ke2 Nxb2 36. Qxa7 Qd1+ 37. Kf2 Qd2+ 38. Kf1 Qc1+ 39. Kg2 Qc3 40. Qd7 Nc4 41. Kf2 Qb2+ 42. Kg3 Qa1 43. Qa7 Nd6 44. Re2 Qf1 45. Qf2 Nf5+ 46. Kh2 Be5+ 0-1

[Event "Beirut Christmas op 20th"]
[Site "Beirut"]
[Date "2018.12.23"]
[Round "2"]
[White "Tarraf, Tarraf"]
[Black "Nassar, Marc"]
[Result "0-1"]
[WhiteElo "1655"]
[BlackElo "1889"]
[PlyCount "114"]
[EventDate "2018.12.22"]
[EventType "swiss"]
[EventRounds "7"]
[EventCountry "LBN"]
[SourceTitle "CBM 188 Extra"]
[Source "ChessBase"]
[SourceDate "2019.02.28"]
[SourceVersion "1"]
[SourceVersionDate "2019.02.28"]
[SourceQuality "1"]

1. e4 c5 2. Nf3 e6 3. b3 Nc6 4. Bb2 Nf6 5. e5 Nd5 6. g3 Be7 7. Bg2 0-0 8. 0-0 d6 9. d4 dxe5 10. dxe5 Qc7 11. Re1 Rd8 12. Qe2 Bf8 13. c4 Nde7 14. Nc3 Nf5 15. Nb5 Qb6 16. Rad1 Bd7 17. Qe4 a6 18. Nd6 h6 19. Qf4 Nce7 20. Ne4 Ng6 21. Qg4 Bc6 22. Nh4 Nfxh4 23. gxh4 Qc7 24. h5 Ne7 25. Nd6 Bxg2 26. Kxg2 Rd7 27. Ne4 Rxd1 28. Rxd1 Nf5 29. Kg1 Rd8 30. f4 Ne3 31. Nf6+ Kh8 32. Rxd8 Qxd8 33. Qe2 Nf5 34. Ne4 Qh4 35. Bc1 Nd4 36. Qd1 Kg8 37. Ng3 Qd8 38. Ne4 Qb6 39. Kg2 Qc6 40. Qd3 b5 41. Be3 Nf5 42. Kg1 Qb6 43. Bf2 Qa5 44. Qd2 Qc7 45. Kf1 Qb7 46. Nd6 Qh1+ 47. Bg1 Qf3+ 48. Ke1 Nh4 49. Qf2 Qxh5 50. Qe2 Qg6 51. Bxc5 Ng2+ 52. Kf2 Nxf4 53. Qe4 Qxe4 54. Nxe4 Nd3+ 55. Kf1 Nxc5 56. Nc3 bxc4 57. bxc4 Nd3 0-1

[Event "LIB-ch sf"]
[Site "Beirut"]
[Date "2017.03.16"]
[Round "5"]
[White "Tarraf, Tarraf"]
[Black "Nassar, Marc"]
[Result "0-1"]
[WhiteElo "1659"]
[BlackElo "1903"]
[PlyCount "48"]
[EventDate "2017.03.10"]
[EventType "swiss"]
[EventRounds "9"]
[EventCountry "LBN"]
[SourceTitle "CBM 177 Extra"]
[Source "ChessBase"]
[SourceDate "2017.04.27"]
[SourceVersion "1"]
[SourceVersionDate "2017.04.27"]
[SourceQuality "1"]

1. e4 c5 2. Nf3 e6 3. Nc3 Nc6 4. Bb5 Nd4 5. 0-0 Nxb5 6. Nxb5 a6 7. Nc3 Ne7 8. Re1 Ng6 9. d3 Be7 10. Ne2 0-0 11. c3 d5 12. e5 f6 13. h4 Nxe5 14. Nxe5 fxe5 15. g3 Bd7 16. d4 e4 17. Nf4 cxd4 18. cxd4 Bd6 19. Qh5 Rf5 20. Qd1 Qf6 21. Be3 Bxf4 22. Bxf4 Rxf4 23. gxf4 Qxf4 24. Qh5 Rf8 0-1

[Event "Beirut op 7th"]
[Site "Beirut"]
[Date "2014.05.10"]
[Round "5"]
[White "Nassar, Marc"]
[Black "Oknayan, Krikor"]
[Result "0-1"]
[WhiteElo "2348"]
[BlackElo "1748"]
[PlyCount "44"]
[EventDate "2014.05.06"]
[EventType "swiss"]
[EventRounds "9"]
[EventCountry "LBN"]
[SourceTitle "EXT 2016"]
[Source "ChessBase"]
[SourceDate "2015.10.08"]
[SourceVersion "1"]
[SourceVersionDate "2015.10.08"]
[SourceQuality "1"]

1. e4 e6 2. d4 d5 3. Nc3 Nf6 4. e5 Nfd7 5. f4 c5 6. Nf3 Nc6 7. Be3 Qb6 8. Na4 Qa5+ 9. c3 cxd4 10. Nxd4 Nxd4 11. b4 Bxb4 12. cxb4 Qxb4+ 13. Bd2 Qe7 14. Rb1 Nc6 15. Bb5 0-0 16. Rc1 f6 17. exf6 Qf7 18. Bxc6 bxc6 19. Rxc6 Ne5 20. Rc3 Ba6 21. Nc5 Bc4 22. Be3 Nf3+ 0-1

[Event "Beirut op 7th"]
[Site "Beirut"]
[Date "2014.05.06"]
[Round "1"]
[White "Nassar, Marc"]
[Black "Djikerian, Rafi"]
[Result "0-1"]
[WhiteElo "2348"]
[BlackElo "1873"]
[PlyCount "88"]
[EventDate "2014.05.06"]
[EventType "swiss"]
[EventRounds "9"]
[EventCountry "LBN"]
[SourceTitle "EXT 2016"]
[Source "ChessBase"]
[SourceDate "2015.10.08"]
[SourceVersion "1"]
[SourceVersionDate "2015.10.08"]
[SourceQuality "1"]

1. e4 e6 2. d4 c5 3. Nf3 cxd4 4. Nxd4 a6 5. Be3 b5 6. Nc3 Bb7 7. Bd3 b4 8. Na4 Qa5 9. b3 Nc6 10. f3 Nf6 11. Qe2 Nxd4 12. Bxd4 Bc6 13. Nb2 Be7 14. Nc4 Qc7 15. Qe3 Bb5 16. 0-0 0-0 17. Kh1 d5 18. exd5 Nxd5 19. Qe4 g6 20. a3 Bxc4 21. Bxc4 bxa3 22. Ra2 Qd6 23. c3 Bf6 24. Bxf6 Nxf6 25. Qh4 Nd5 26. Qe1 Rfc8 27. Qa1 Ne3 28. Rff2 Nxc4 29. bxc4 Rxc4 30. Rxa3 Qc5 31. Rf1 Qb6 32. Rb1 Qd6 33. Rd1 Qc6 34. Rd2 Kg7 35. Rda2 Qb5 36. Rxa6 Rxa6 37. Rxa6 Qe5 38. Ra3 f5 39. Ra7+ Kh6 40. Qc1+ f4 41. Ra3 Kg5 42. Rb3 Kf6 43. Rb4 Qc7 44. Rxc4 Qxc4 0-1